000 00657cab a2200229 4500
001 WB3321-11
008 090401t1997 xxu||||| |||| 00| 0 eng d
035 _a(Sirsi) u78657
041 _aeng
245 _aStrong growth at the top
260 _c1997
350 _a0
490 _aHerald
_v29 May 1997, 29(1)
520 _aContinuing expansion of Glasgow`s retail facilities poses a threat to small towns according to a report from property consultants Ryden.
650 _aGLASGOW
650 _aRETAIL
650 _aRYDEN
650 _aSCOTLAND
690 _aPROPERTY-COMMERCIAL PROPERTY-RETAIL PROPERTY
942 _n0
948 _c29/05/1997
999 _c49463
_d49463